LEADER 00726nam a2200181 i 4500 001 000000252844 003 CaOOAMICUS 005 20170209000000.0 008 170209s1820 it u000 u ita u 013 $a231749 026 $alain disi I.is 12(2 (7) 1820 (A) 040 $aSeMil$bita 245 10$aTomo 2. 300 $a534, [4] p., [13] c. di tav. di cui [1] ripieg. :$bill. 773 0 $aRosmini, Carlo : de' <1758-1827>$tDell'istoria di Milano del cavaliere Carlo de' Rosmini roveretano. Tomo 1. [-4.].$dMilano : Dalla Tipografia Manini e Rivolta, 1820.$g2$w()25820 850 $aSeMil 852 $aSeMil$W1$xVenegono$y1$m3O V 4 FA$j203190$B203190$CSeMilBibl$Z2$F215901 $8I 996 $6245$aTomo 2$9(OLS)http://semarc/title/49331 LEADER 01278nam a2200289 i 4500 001 000000120229 003 CaOOAMICUS 005 20031119000000.0 008 031119s1997 it u000 u ita u 013 $a92923 020 $a88-7094-252-X 040 $aSeMil$bita 100 0 $aTommaso : d'Aquino,$c.$0(OLS)http://semarc/name/423 240 10$aDe Regno ad Regem Cypri ; Epistola ad Ducissam Brabantiae ; De emptione et venditione ad tempus.$0(OLS)http://semarc/title/176870 245 10$aOpuscoli politici /$cS. Tommaso d'Aquino ; introduzione e traduzione a cura di Lorenzo Perotto. 260 $aBologna :$bESD,$ccopyr. 1997. 300 $a460 p. ;$c22 cm. 490 0 $aOpere di San Tommaso ;$v5 500 $aContiene : Bibliografia. 700 1 $aPerotto, Lorenzo .$0(OLS)http://semarc/name/89748 830 0$aOpere di San Tommaso ;$v5.$0(OLS)http://semarc/title/13857 850 $aSeMil 852 $aSeMil$W1$xVenegono$y1$mSL1.V III 19$j75417$B75417$CSeMilBibl$Z2$F77213 $8I 961 $aAcquisto: ESD Edizioni Studio Domenicano 996 $6020$a88-7094-252-X$9(OLS)http://semarc/number/105395 996 $6245$aOpuscoli politici$9(OLS)http://semarc/title/100894 996 $6260$aBologna :$bESD$9(OLS)http://semarc/publisher/30112